Russian Oblasts by population - Statistics

General Stats
  • This quiz has been taken 58 times
    48 since last reset
  • The average score is 28 of 83
Answer Stats
Population Answer % Correct
1 M 13,154,708 Moscow
100%
4 S 5,598,473 Saint Petersburg
70%
2 M 8,650,903 Moscow
68%
3 K 5,834,098 Krasnodar
54%
6 R 4,154,426 Rostov
54%
10 D 3,233,078 Dagestan
49%
12 N 3,061,786 Nizhny Novgorod
49%
15 N 2,790,347 Novosibirsk
49%
8 T 4,003,063 Tatarstan
49%
9 C 3,397,240 Chelyabinsk
46%
25 O 1,818,300 Omsk
46%
21 V 2,273,882 Voronezh
46%
7 B 4,065,659 Bashkortostan
43%
17 P 2,495,744 Perm
43%
11 S 3,129,565 Samara
43%
18 V 2,454,986 Volgograd
43%
14 K 2,847,826 Krasnoyarsk
41%
23 L 2,034,961 Leningrad
41%
81 M 133,319 Magadan
41%
83 N 42,267 Nenets
41%
24 O 1,828,692 Orenburg
41%
20 I 2,331,463 Irkutsk
38%
35 P 1,236,737 Penza
38%
19 S 2,385,834 Saratov
38%
36 T 1,200,364 Tver
38%
28 T 1,616,564 Tyumen
38%
82 C 48,192 Chukotka
35%
80 J 145,801 Jewish
35%
44 R 1,082,825 Ryazan
35%
13 S 2,887,070 Stavropol
35%
31 T 1,474,377 Tula
35%
38 U 1,173,282 Ulyanovsk
35%
22 A 2,115,707 Altai
32%
79 A 210,730 Altai
32%
54 A 946,533 Astrakhan
32%
30 B 1,501,570 Belgorod
32%
40 B 1,142,907 Bryansk
32%
29 C 1,553,296 Chechnya
32%
16 K 2,548,034 Kemerovo
32%
41 K 1,130,078 Kirov
32%
46 K 1,061,199 Kursk
32%
43 L 1,116,600 Lipetsk
32%
5 S 4,222,987 Sverdlovsk
32%
33 V 1,310,710 Vladimir
32%
37 Y 1,188,081 Yaroslavl
32%
60 A 751,526 Amur
30%
53 A 956,262 Arkhangelsk
30%
45 K 1,071,810 Kaluga
30%
62 O 692,839 Oryol
30%
26 P 1,807,511 Primorsky
30%
66 P 581,571 Pskov
30%
73 A 501,125 Adygea
27%
71 K 523,882 Karelia
27%
34 K 1,279,214 Khabarovsk
27%
75 S 458,067 Sakhalin
27%
57 S 863,094 Smolensk
27%
76 T 337,490 Tuva
27%
42 V 1,121,792 Vologda
27%
72 Y 516,096 Yamalo-Nenets
27%
70 I 527,242 Ingushetia
24%
55 I 906,646 Ivanovo
24%
27 K/Y 1,760,420 Khanty-Mansi / Yugra
24%
61 K 721,055 Komi
24%
68 K 566,375 Kostroma
24%
65 M 657,085 Murmansk
24%
67 N 571,685 Novgorod
24%
52 T 957,163 Tambov
24%
47 T 1,043,855 Tomsk
24%
32 U 1,434,665 Udmurtia
24%
50 Z 984,340 Zabaykalsky
24%
48 K 1,033,346 Kaliningrad
22%
64 M 670,342 Mari El
22%
58 M 766,720 Mordovia
22%
63 N 679,228 North Ossetia-Alania
22%
49 S 1,004,029 Sakha
22%
39 C 1,167,362 Chuvashia
19%
78 K 266,881 Kalmykia
19%
51 B 971,874 Buryatia
16%
77 K 289,151 Kamchatka
16%
69 K 528,313 Khakassia
16%
59 K 753,085 Kurgan
16%
56 K 905,915 Kabardino-Balkaria
14%
74 K 468,359 Karachay-Cherkessia
11%
No matching quizzes found
Score Distribution
Percent of People with Each Score
Percentile by Number Answered
Your Score History
You have not taken this quiz since the last reset